00509 2200193 4500001002100000005001500021008004100036020002100077035001900098041000700117082001000124090001600134100001600150245005000166260003900216300003500255500001000290650001500300INLIS00000000000391420241224112819241224||||||||| | ||| |||| || |  a978-602-1437-8-4 0010-1224003914 aid0 a297.5 a297.5 MUA k0 aAli Muakhir00aKisah-Kisah Kejujuran Pembangun Karakter Anak aJogjakartabMulti Publishingc2013 av, 131 hlm. : ilus, ; 19,5 cm. aCet.1 0aIlmu Agama